Scrambled Michigan Cities - Statistics

General Stats
  • This quiz has been taken 18 times
  • The average score is 11 of 12
Answer Stats
Hint Answer % Correct
yotr Troy
100%
nan broar Ann Arbor
90%
oiettrd Detroit
90%
niltf Flint
90%
ngrad pisard Grand Rapids
90%
oinr ntnaioum Iron Mountain
90%
koozalama Kalamazoo
90%
gnilasn Lansing
90%
temartequ Marquette
90%
brdearno Dearborn
80%
rrseeavt ityc Traverse City
80%
nerwar Warren
80%
No matching quizzes found
Score Distribution
Percent of People with Each Score
Percentile by Number Answered
Your Score History
You have not taken this quiz